El hombre barroco

Gorde:
Xehetasun bibliografikoak
Egile nagusia: Villari, Rosario (Egilea)
Formatua: Liburua
Hizkuntza:gaztelania
Argitaratua: Madrid Alianza 1992
Edizioa:1a. ed
Gaiak:
Etiketak: Etiketa erantsi
Etiketarik gabe, Izan zaitez lehena erregistro honi etiketa jartzen!

MARC

LEADER 00000cam a2200000 a 4500
001 UCD3702
003 CL-VaPUC
008 160616e19920000sp |||||||||||||||||spa|d
020 |a 8420696609 
082 0 4 |a 940.252  |b VIL  |2 21 
100 0 |a Villari, Rosario  |e author  |9 587258 
245 1 3 |a El hombre barroco 
250 |a 1a. ed 
300 |a 402 p 
942 |c BK 
945 |d 20160616 22:39:00  |a dcastane 
260 |a Madrid  |b Alianza  |c 1992 
650 0 |a Historia de Europa  |9 392003 
650 7 |a HISTORIA DE EUROPA SIGLO 17  |2 CL-VaPUC  |9 379390 
583 |a last modification  |c 20160616 22:39:00  |k Rodrigo Vera 
999 |c 364729  |d 364727 
952 |0 0  |1 0  |3 erb  |4 0  |6 940_252000000000000_VIL_1992  |7 0  |8 A  |9 478303  |a FDOHBE  |b FDOHBE  |e Huesbe Llanos, Marco Antonio, 1934-  |i 5310814  |l 3  |m 1  |o 940.252 VIL 1992  |p 5310814  |r 2024-01-30  |s 2020-10-06  |w 2019-11-24  |y BK  |z Catalogado en:20160616  |k HBE